| 000 -LEADER |
| fixed length control field |
00629pam a2200241 a 4500 |
| 001 - CONTROL NUMBER |
| control field |
916983 |
| 005 - DATE AND TIME OF LATEST TRANSACTION |
| control field |
20180315044332.0 |
| 008 - FIXED-LENGTH DATA ELEMENTS--GENERAL INFORMATION |
| fixed length control field |
830121t19821980nju b 000 0 eng |
| 010 ## - LIBRARY OF CONGRESS CONTROL NUMBER |
| LC control number |
82023135 |
| 020 ## - INTERNATIONAL STANDARD BOOK NUMBER |
| International Standard Book Number |
0136070442 |
| 020 ## - INTERNATIONAL STANDARD BOOK NUMBER |
| International Standard Book Number |
0136070515 (pbk.) |
| 040 ## - CATALOGING SOURCE |
| Original cataloging agency |
DLC |
| Transcribing agency |
DLC |
| Modifying agency |
DLC |
| 041 ## - LANGUAGE CODE |
| Language code of text/sound track or separate title |
eng |
| 080 ## - UNIVERSAL DECIMAL CLASSIFICATION NUMBER |
| Universal Decimal Classification number |
781.65 |
| 082 00 - DEWEY DECIMAL CLASSIFICATION NUMBER |
| Classification number |
781.65 BAI |
| Edition number |
19 |
| 100 1# - Rafti |
| Rafti |
45 |
| 101 ## - Shkurtesa |
| Shkurtesa |
MUZ |
| 240 10 - UNIFORM TITLE |
| Uniform title |
<a href="Improvisation">Improvisation</a> |
| 245 10 - TITLE STATEMENT |
| Title |
Musical improvisation : |
| Statement of responsibility, etc |
Derek Bailey. |
| 504 ## - BIBLIOGRAPHY, ETC. NOTE |
| Bibliography, etc |
Bibliography: p. 154. |
| 906 ## - LOCAL DATA ELEMENT F, LDF (RLIN) |
| a |
7 |
| b |
cbc |
| c |
orignew |
| d |
1 |
| e |
ocip |
| f |
19 |
| g |
y-gencatlg |
| 942 ## - ADDED ENTRY ELEMENTS (KOHA) |
| Source of classification or shelving scheme |
|
| Item type |
Books |